000 00640nam a2200253Ia 4500
003 OSt
005 20221005022127.0
006 a|||||r|||| 00| 0
007 ta
008 221004b |||||||| |||| 00| 0 eng d
024 _a30077
037 _cTextual
040 _aCRL
_cCRL
_beng
041 _2eng
_aeng
082 _aL83, M1
100 _aAllen Oliver E
_9577806
245 0 _aBuilding sound bones and muscles
260 _aAlexandria
_b#NAME?
_c1981
300 _a176p
_ccm.
490 _a(Library of health,1981)
650 _aMEDICINE
942 _hL83, M1
_cTEXL
_2cc
999 _c928684
_d928684